000 01668nam a2200361 c 4500
003 BLK
005 20240424115801.0
008 180411b bul|||||r ||||||| ||bul||
010 _aKNG00175363000
040 _aBLK
041 _aBUL
_cBUL
080 _aВъзраждане
_b94(497.2)"17/18"
_x
_z94(497.2)"17/18"
100 1 _aЖечев, Николай
_qНиколов, Николай Жечев
_d1929 -
_gБългарски историк
_968364
700 1 _aЖечев, Николай
_qНиколов, Николай Жечев
_d1929 -
_gБългарски историк
_968364
139 _aЖечев, Николай
_bЖ 46
245 1 0 _aВелчовата завера 1835
_bИст. очерк
_cНиколай Жечев; * Николай Жечев Николов.
257 _aBGR
260 София
_bНаука и изкуство
_c1985
_fЯмбол : Г. Димитров
300 _a87 с.
_c22 см
380 _a9
500 _aПълното име на авт. е Николай Жечев Николов. - 2 019 тир. - Библиогр. под линия.
650 4 _aВелчова завера 1835
_9150518
650 4 _aНационалноосвободително движение - България
_9242410
653 _aВелчова завера
653 _aбългарска история
653 _aнационалноосвободителни движения
852 _aЦб 133524
856 4 _qpdf
_u
856 4 _qpdf
_u
942 _cKNG
_n0
944 _aCR
_c15.05.2015
_lГеновева Генчева
_k30560
944 _aED
_c26.09.2017
_lф /
_kВася_Ганчева
999 _c167552
_d167552